Models silvícoles en boscos privats mediterranis
ISBN:
978-84-9803-271-0
Publicado:
Barcelona :
Diputació de Barcelona. Àrea d'Espais Naturals. Oficina Tècnica de Prevenció Municipal d'Incendis Forestals ,
2008
Descripción Física:
179 p. ; 30 cm
Colección:
Documents de treball. Territori ; 5
Materias:
Boscos i silvicultura
MARC
| LEADER | 00000nam a2200000Ia 4500 | ||
|---|---|---|---|
| 001 | 20477 | ||
| 008 | 160829s2008 xx 000 0 cat d | ||
| 020 | |a 978-84-9803-271-0 | ||
| 080 | |a C-3-89 | ||
| 245 | |a Models silvícoles en boscos privats mediterranis | ||
| 260 | |a Barcelona : |b Diputació de Barcelona. Àrea d'Espais Naturals. Oficina Tècnica de Prevenció Municipal d'Incendis Forestals, |c 2008 | ||
| 300 | |a 179 p. ; |c 30 cm | ||
| 490 | |a Documents de treball. Territori ; 5 | ||
| 590 | |a Referències bibliogràfiques a cada capítol. | ||
| 590 | |a Hi ha un exemplar en castellà amb R. 22054 | ||
| 650 | 0 | |a Boscos i silvicultura |9 39468 | |
| 710 | |a Barcelona (Catalunya : Província). |b Oficina Tècnica de Prevenció Municipal d'Incendis Forestals |9 9456 | ||
| 901 | |a Arxiu | ||
| 942 | |n 1 | ||
| 952 | |0 0 |1 0 |4 0 |6 C389 |7 1 |9 52865 |a Arxiu |b Arxiu |d 2016-12-01 |l 0 |o C-3-89 |p 20477 |r 2016-12-01 00:00:00 |w 2016-12-01 |y ARXIU | ||
| 999 | |c 56714 |d 56714 | ||